Catálogo
 En Linea

Decameron. (Registro nro. 43183)

Detalles MARC
000 -CABECERA
campo de control de longitud fija 00271nam a2200109 a 4500
005 - FECHA Y HORA DE LA ÚLTIMA TRANSACCIÓN
campo de control 20201002044925.0
008 - DATOS DE LONGITUD FIJA--INFORMACIÓN GENERAL
campo de control de longitud fija 140403s1971 000 spa d
040 ## - FUENTE DE LA CATALOGACIÓN
Centro catalogador/agencia de origen DO-SdBNP
100 ## - ENTRADA PRINCIPAL--NOMBRE DE PERSONA
Nombre de persona Boccaccio
9 (RLIN) 71517
245 #0 - MENCIÓN DE TÍTULO
Título Decameron.
260 ## - PUBLICACIÓN, DISTRIBUCIÓN, ETC.
Lugar de publicación, distribución, etc. Madrid -- Libra,
Fecha de publicación, distribución, etc. 1971 -- 180 p.

No hay ítems disponibles.

Con tecnología Koha